特急「踊り子」の停車駅 - Statistics

General Stats
  • This quiz has been taken 282 times
  • The average score is 18 of 24
Answer Stats
路線 停車駅 % Correct
JR 東京
99%
JR 横浜
98%
JR 品川
97%
JR 熱海
96%
JR 川崎
95%
JR 小田原
95%
伊豆急 伊豆急下田
93%
JR 新宿
92%
JR 伊東
90%
JR 大船
89%
JR 池袋
89%
JR 湯河原
88%
JR 渋谷
88%
JR 武蔵小杉
84%
JR 三島
84%
駿豆線 修善寺
83%
伊豆急 伊豆高原
66%
伊豆急 河津
62%
伊豆急 伊豆稲取
57%
伊豆急 伊豆熱川
56%
駿豆線 伊豆長岡
40%
駿豆線 三島田町
39%
駿豆線 大仁
31%
駿豆線 大場
28%
No matching quizzes found
Score Distribution
Percent of People with Each Score
Percentile by Number Answered
Your Score History
You have not taken this quiz